Pętle i krańcówki Tramwajowe w Warszawie - Statystyki

Ogólne statystyki
  • Ten quiz został rozwiązany 84 razy
  • Średni wynik to 24 z 35
Statystyki odpowiedzi
Dzielnica Nazwa % Poprawnych
Bielany Metro Młociny
90%
Ochota Banacha
82%
Białołęka Winnica
82%
Bemowo Boernerowo
81%
Praga-Południe Gocławek
81%
Bemowo Nowe Bemowo
81%
Bemowo Osiedle Górczewska
81%
Białołęka Annopol
77%
Żoliborz Metro Marymont
77%
Bielany Piaski
77%
Praga-Południe Wiatraczna
77%
Ochota Plac Narutowicza
76%
Białołęka Tarchomin Kościelny
76%
Mokotów Wyścigi
76%
Mokotów PKP Służewiec
74%
Praga-Północ Żerań FSO
74%
Wola Cmentarz Wolski
73%
Praga-Północ Dworzec Wschodni Kijowska
73%
Mokotów Kielecka
73%
Mokotów Sielce
71%
Praga-Północ Czynszowa
68%
Praga-Północ Kawęczyńska Bazylika
68%
Mokotów Metro Wilanowska
68%
Włochy P+R Aleja Krakowska
68%
Żoliborz Marymont Potok
66%
Ochota Plac Starynkiewicza
66%
Białołęka Żerań Wschodni
66%
Wola Koło
60%
Targówek Rondo Żaba
60%
Mokotów Metro Wierzbno
56%
Praga-Północ Ratuszowa ZOO
56%
Mokotów Woronicza
56%
Praga-Południe Aleja Zieleniecka
53%
Bielany Twardowska
42%
Wola Rondo Daszyńskiego
35%
Nie znaleziono quizów pasujących do podanych kryteriów
Rozkład punktacji
Procent ludzi z każdym wynikiem
Percentyl według liczby udzielonych odpowiedzi
Twoja historia wyników
Nie rozwiązałeś tego quizu